00555nam a2200193Ia 4500001000700000003000500007008004100012010001100053020002200064040000900086082002000095100003000115245008100145250001200226260003800238300001600276503002100292600004800313Z_5819CHAP220113s2008 xx 000 0 und d a169019 a978-950-02-0384-5 cCHAP a574.87 R62 2008 aRobertis, Hib Ponzio (h) aBiología celular y molecular de De Robertis /cHib Ponzio de Robertis (h) a15a ed. aBuenos aires :bEl Ateneo,c2008 axvi, 469 p. aej.1 - ej.4: C/E a1. Biología 2. Citología 3. Biofísica